| 000 -LEADER |
| fixed length control field |
00890nam a22002057a 4500 |
| 003 - CONTROL NUMBER IDENTIFIER |
| control field |
OSt |
| 005 - DATE AND TIME OF LATEST TRANSACTION |
| control field |
20180921093225.0 |
| 008 - FIXED-LENGTH DATA ELEMENTS--GENERAL INFORMATION |
| fixed length control field |
170421t xxu||||| |||| 00| 0 eng d |
| 020 ## - INTERNATIONAL STANDARD BOOK NUMBER |
| International Standard Book Number |
1 85472 693 5 |
| 040 ## - CATALOGING SOURCE |
| Original cataloging agency |
BSHUA |
| Language of cataloging |
Shqip |
| Transcribing agency |
BSHUA |
| 082 ## - DEWEY DECIMAL CLASSIFICATION NUMBER |
| Item number |
787.3/Boj. |
| 100 ## - MAIN ENTRY--PERSONAL NAME |
| Personal name |
Boyle, Rory ; |
| 245 ## - TITLE STATEMENT |
| Title |
From the diary of a card-player; six easy pieces : |
| Remainder of title |
for Violoncello and Piano / |
| 260 ## - PUBLICATION, DISTRIBUTION, ETC. (IMPRINT) |
| Place of publication, distribution, etc |
London : |
| Name of publisher, distributor, etc |
The Associated Board of the Royal Schools of Music , |
| Date of publication, distribution, etc |
1993 . |
| 300 ## - PHYSICAL DESCRIPTION |
| Dimensions |
30.5 cm. . |
| Size of unit |
11 f. : me nota ; |
| 653 ## - INDEX TERM--UNCONTROLLED |
| Uncontrolled term |
Partitura - Violoncel - Piano - Klavir. |
| -- |
Muzika boterore - Muzika skoceze. |
| -- |
Muzike per violoncel dhe piano - Pjese. |
| -- |
6 Pjese per violoncel dhe piano - Parti pianos + parti solo. |
| -- |
Kompozitoret skoceze - Rori Bojle. |
| 856 ## - ELECTRONIC LOCATION AND ACCESS |
| Link text |
Fulltext |
| 942 ## - ADDED ENTRY ELEMENTS (KOHA) |
| Source of classification or shelving scheme |
|
| Koha item type |
Music Scores |
| 953 ## - Fulltext |
| Is Fulltext Available |
Unavailable |